Представление документа в формате RUSMARC

ПолеНазваниеЗначение
  Тип записи a
  Библиографический уровень m
001 Контрольный номер LIBNET\0000952508
005 Дата корректировки 20230707133310.8
010 Индекс ISBN __
a ISBN 978-5-906986-66-5
9 Тираж 4000
d Цена 409-86
100 Данные общей обработки __
a Данные общей обработки 20181218d2018####u##y0rusy0189 ca
101 Язык документа 1_
a Язык текста rus
c Язык оригинала eng
102 Страна публикации __
a Страна публикации RU
105 Кодированные данные (монография) __
a Кодированные данные (монография) y###z###000ay
200 Заглавие и сведения об ответственности 1_
a Заглавие Пока мы были не с вами
e Сведения, относящиеся к заглавию [роман]
f Первые сведения об ответственности Лиза Уингейт
g Последующие сведения об ответственности [пер. с англ. А. Лазаревой]
210 Выходные данные 1_
a Место издания Санкт-Петербург
c Издательство Аркадия
d Дата издания 2019
215 Физическое описание __
a Объем 494, [1] с.
d Формат 21
225 Серия (Журнальная рубрика) 1_
a Серия (Журнальная рубрика) Memory
333 Примечание о целевом назначении __
a Примечание о целевом назначении 16+
606 Тематические рубрики __
a Основная рубрика Художественная литература
606 Тематические рубрики __
a Основная рубрика Литература Америки (произведения)
610 Ключевые слова 0_
a Ключевые слова американская литература
a Ключевые слова романы
686 Индексы других классификаций __
a Индекс ББК 84(7Сое)6-4
v Номер издания LBC/M
2 Код системы rubbk
700 Автор _1
a Фамилия Уингейт
b Имя Л.
g Полное личное имя Лиза
801 Источник записи _0
a Страна RU
b Организация НБР Карелия
c Дата составления 20181218
g Правила каталогизации rcr
801 Источник записи _1
a Страна RU
b Организация НБР Карелия
c Дата составления 20181218
801 Источник записи _1
a Страна RU
b Организация Центральная районная библиотека им. Г. А. Пирожникова
830 Общее примечание каталогизатора __
a Текст примечания 094
852 Данные о местонахождении __
j Шифр хранения 84(7Сое)6
i Авторский знак У 37
901 Тип документа __
t Тип документа m
902 Роль лиц __
b Редактор БЗ ОКиО/Шумских